000 04501cam a2200505 i 4500
001 23695004
003 BJBSDDR
005 20260429142030.0
007 ta
008 240516s2024 nyub 000 0 eng
010 _a 2024022190
020 _a9781250366313
020 _a1250366313
035 _a23695004
040 _aDLC
_beng
_erda
_cDLC
_dDLC
041 _aeng
042 _apcc
043 _aa-is---
_aawgz---
050 0 0 _aDS 119.77
_bY28 2024
082 0 0 _a956.94/3
_223/eng/20240516
100 1 _aYaron, Lee,
_d1994-
_eauthor.
_948208
245 1 0 _a10/7 :
_b100 human stories /
_cLee Yaron ; afterword by Joshua Cohen.
246 3 _aTen seven
_bone hundred human stories
250 _aFirst edition.
264 1 _aNew York :
_bSt. Martin's Press,
_c2024.
300 _a271 pages :
_bmap ;
_c22 cm
336 _atext
_btxt
_2rdacontent
337 _aunmediated
_bn
_2rdamedia
338 _avolume
_bnc
_2rdacarrier
505 1 _aMourning: An Introduction -- Sderot -- Trip to the Dead Sea -- Odessa to Ashkelon -- Ofakim -- The Negev Bedouins -- Fathers and Sons -- Warring: A History, 1948-2024 -- Rave -- To Kibbutz Be'eri and Back -- Kathmandu to Kibbutz Alumim -- Warning: A History of Gaza -- Simchat Torah 5702/1941--Simchat -- Torah 5784/2023 -- Victims of Grief -- Kites and Eulogies -- Afterword / by Joshua Cohen.
520 _a"The definitive account of the 10/7 attacks through the stories of its victims and the communities they called home. On October 7, 2023-the Sabbath and the final day of the holiday of Sukkot-the Gaza-based terror group Hamas launched an unprecedented assault on the people of Israel. Crashing through the border, attacking from the sea and air, militants indiscriminately massacred civilians in what became one of the worst terror attacks in modern history, and the most lethal day for the Jewish people since the Holocaust. A radically passionate work of investigative journalism and political critique by acclaimed Haaretz reporter Lee Yaron, 10/7 chronicles the massacre that ignited a war through the stories of more than 100 civilians. These stories are the products of extensive interviews with survivors, the bereaved, and first responders in Israel and beyond. The victims run the gamut from left-wing kibbutzniks and Burning Man-esque partiers to radical right-wingers, from Bedouins and Israeli Arabs to Thai and Nepalese guest workers, peace activists, elderly Holocaust survivors, refugees from Ukraine and Russia, pregnant women, and babies. At a time when people are seeking a deeper understanding of the history of the Israeli-Palestinian conflict and how internal political turmoil in Israel has affected it, they predominantly encounter perspectives from the powerful-from politicians and military officers. 10/7 takes a fresh approach, offering answers through the stories of everyday people, those who lived tenuously on the border with Gaza. Yaron profiles victims from a wide range of communities-depicting the fullness of their lives, not just their final moments-to honor their memories and reveal the way the attack ripped open Israeli society and put the entire Middle East on the precipice of disaster. Each chapter begins with a portrait of a community, interweaving history with broader political analysis of the Israeli-Palestinian conflict to provide context for the narratives that follow. Ultimately, 10/7 shows that the tragedy is much greater than the violence of the attacks, and in fact extends back through the entire Netanyahu era, which propagated a false image of Israel as a technologically advanced, militarily formidable powerhouse so essential to the region that it could continue to ignore and undermine Palestinian statehood indefinitely"--
_cProvided by publisher.
610 2 0 _aḤarakat al-Muqāwamah al-Islāmīyah.
650 0 _aOctober 7 Hamas Attack, Israel, 2023.
650 0 _aIsraelis
_zGaza Strip
_vBiography.
650 0 _aJews
_zGaza Strip
_vBiography.
650 0 _aArab-Israeli conflict
_y1993-
651 0 _aGaza Strip
_vBiography.
655 7 _aBiographies.
_2lcgft
_0https://id.loc.gov/authorities/genreForms/gf2014026049
700 1 _aCohen, Joshua,
_d1980-
_948209
906 _a7
_bcbc
_corignew
_d1
_eecip
_f20
_gy-gencatlg
942 _2lcc
_n0
_cBK
946 _irmza
999 _c126956
_d126956